000 00688nam a22001935i 4500
001 164454
003 ES-MaACL
005 20230906212936.0
008 030310s1882 sp |||| | spa d
040 _aCAM
_bspa
_cCAM
100 1 _aSalinas, Pablo.
_9101940
245 1 3 _aLa guerra de Egipto y la peste /
_cpor el dr. Pablo Salinas.
260 _aMadrid :
_b[s.n.],
_c1882 (
_fImprenta la Correspondecia de España)
300 _a107 p. ;
_c16 cm.
490 1 _aBiblioteca del Diario Médico
830 0 _aBiblioteca del Diario Médico
_9188464
852 _aES-MaACL
_jT-645-F-4
_z-- Enc. hol., conservando la enc. original
_z-- Enc. en un vol. facticio
999 _c164454
_d164454